| 000 | 00783nam a22002657a 4500 | ||
|---|---|---|---|
| 999 |
_c15186 _d15186 |
||
| 003 | MIRAKIL | ||
| 005 | 20230228122830.0 | ||
| 008 | 230228b tu ||||| |||| 00| 0 tur d | ||
| 020 | _a9786051710815 | ||
| 040 |
_aTR-AnCHP _cTR-AnCHP |
||
| 041 | _atur | ||
| 082 |
_a909 _bF63s 2019 |
||
| 100 | _aFreedman, Lawrence | ||
| 245 | 1 | 0 |
_aStrateji : _bbir tarih / _cLawrence Freedman ; Çevirmen: Belkıs Çorakçı Dişbudak |
| 246 | _abir tarih | ||
| 260 |
_aİstanbul : _bAlfa; _c2019 |
||
| 300 |
_a1096 s. ; _c22 sm. |
||
| 490 | 0 |
_aALFA ; _a Tarih ; _v2772. _v65. |
|
| 504 | _aBibliyografik bilgi içerir. | ||
| 504 | _aDizin vardır. | ||
| 650 | 0 |
_96756 _aDünya tarihi |
|
| 700 | 1 |
_92254 _aDişbudak, Belkıs Çorakçı _eçev. |
|
| 740 | _abir tarih | ||
| 942 |
_2ddc _cBKS |
||